000 00847cam a2200301 a 4500
008 970114s1996 fr 000 0 fre
010 _a 97104027
020 _a202029138X
040 _aDLC
_cDLC
043 _ae-fr---
050 0 0 _aPQ101
_b.C36 1996
092 0 4 _a840.9
_bC196
_221
099 _a04
_a840.9 C196
100 1 _aCampion, Pierre.
245 1 3 _aLa litterature a la recherche de la verite /
_cPierre Campion.
260 _aParis :
_bSeuil,
_cc1996.
300 _a423 p. ;
_c21 cm.
490 1 _aPoetique
504 _aIncludes bibliographical references.
650 0 _aFrench literature
_xHistory and criticism.
650 0 _aLiterature
_xPhilosophy.
650 0 _aTruth.
902 _a1
905 _aEman
_eRev.
905 _aJamal
_eCat.
942 _2ddc
_cBK
999 _c133515
_d133515